| 000 | 00781nam a22002417a 4500 | ||
|---|---|---|---|
| 999 |
_c15002 _d15002 |
||
| 003 | AR-CdUCM | ||
| 008 | 190405b ||||| |||| 00| 0 spa d | ||
| 020 | _a9972-847-68-3 | ||
| 040 |
_aMUNICIPALIDAD PROVINCIAL DEL CUSCO _cBIBLIOTECA MUNICIPAL DEL CUSCO |
||
| 082 |
_aEP / 808.06 / _bV66 |
||
| 100 |
_aVillalobos, David. _933998 |
||
| 245 | _aEl cóndor y yo / | ||
| 260 |
_aLima : _bCuenta cosas alfaguara, _bGrupo Santillana, _c2005. |
||
| 300 |
_a71 paginas ; _bIlustraciones, graficos, dibujos, _c22 cm. |
||
| 500 | _aCuento | ||
| 505 | _aContenido :El cóndor y yo. | ||
| 650 |
_aCuentos _9217 |
||
| 650 |
_aLiteratura _983 |
||
| 650 |
_aTexto Educativo _925832 |
||
| 700 |
_aTorres, Williams (ilustraciones) _933999 |
||
| 942 |
_2ddc _cLIBROS |
||
| 945 |
_arum _d2019-04-25 |
||